Paulo Freire e a agenda da educaçâo Latino-Americana no século XXI /

保存先:
書誌詳細
第一著者: Torres, Carlos Alberto
共著者: CLACSO, Agencia Sueca de Desenvolvimiento Internacional ASDI
その他の著者: org
フォーマット: テキスト
出版事項: Buenos Aires: CLACSO
タグ: タグ追加
タグなし, このレコードへの初めてのタグを付けませんか!

MARC

LEADER 00000 a a2200000 04500
001 26744
003
040
020 |a 950-9231-63-0  
090 |a 149614  
100 |a Torres, Carlos Alberto  
110 |a CLACSO  
245 |a Paulo Freire e a agenda da educaçâo Latino-Americana no século XXI /  |c CLACSO  
260 |a Buenos Aires:   |b CLACSO  
300 |a 358 p  
500 |a Disponible en Cd, en No. 194116  
700 |a org  
710 |a Agencia Sueca de Desenvolvimiento Internacional   |a ASDI  
999 |c 14037  |d 14037